000 00800cam a22002651 4500
001 sa 66001072
003 DLC
005 20260227112219.0
008 861104s1964 ii r 000 0 eng
010 _asa 66001072
025 _aPL480:I-E-3374
035 _a(OCoLC)14631423
040 _aDLC
_cWaU
_dDLC
042 _apremarc
050 0 0 _aHF3833
_b.I5
110 1 _aIndia.
_bDirectorate of Commercial Publicity.
245 1 0 _aImporters of Indian products: Iran.
260 _a[New Delhi,
_c1964]
300 _a12 p.
_c24 cm.
500 _aCover title: Directory of importers of Indian products in Iran.
651 0 _aIran
_xCommerce
_vDirectories.
651 0 _aIran
_xCommerce
_zIndia.
651 0 _aIndia
_xCommerce
_zIran.
740 0 _aDirectory of importers of Indian products in Iran.
999 _c67575
_d67575